[Event "Campeonato España Sub 14"]
[Site "Salobreña"]
[Date "2017.07.21"]
[Round "7"]
[White "Ingunza Curro, Andres"]
[Black "Rodriguez Del Cerro, Ricardo"]
[Result "0-1"]
[Board "6"]
[WhiteClock "1:30"]
[WhiteElo "1992"]
[WhiteCountry "ESP"]
[WhiteFideId "24526371"]
[WhiteEloChange "-9"]
[BlackClock "1:30"]
[BlackElo "2034"]
[BlackCountry "ESP"]
[BlackFideId "24512451"]
[BlackEloChange "9"]

1. e4 {[%clk 1:30:00]} e5 {[%clk 1:30:00]} 2. Nf3 {[%clk 1:30:00]} Nc6 {[%clk
1:31:00]} 3. Bc4 {[%clk 1:31:00]} Bc5 {[%clk 1:31:00]} 4. O-O {[%clk 1:30:00]}
Nf6 {[%clk 1:32:00]} 5. d4 {[%clk 1:28:00]} Bxd4 {[%clk 1:32:00]} 6. Nxd4 {[%clk
1:28:00]} Nxd4 {[%clk 1:32:00]} 7. f4 {[%clk 1:28:00]} d6 {[%clk 1:33:00]} 8.
fxe5 {[%clk 1:28:00]} dxe5 {[%clk 1:33:00]} 9. Bg5 {[%clk 1:28:00]} Qe7 {[%clk
1:33:00]} 10. c3 {[%clk 1:28:00]} Ne6 {[%clk 1:33:00]} 11. Bxf6 {[%clk 1:28:00]}
gxf6 {[%clk 1:34:00]} 12. Na3 {[%clk 1:22:00]} Nf4 {[%clk 1:32:00]} 13. Qf3
{[%clk 1:18:00]} h5 {[%clk 1:11:00]} 14. g3 {[%clk 0:58:00]} Bg4 {[%clk 1:06:00]}
15. Qe3 {[%clk 0:54:00]} Nh3+ {[%clk 1:00:00]} 16. Kh1 {[%clk 0:48:00]} h4 {[%clk
0:38:00]} 17. Nc2 {[%clk 0:33:00]} f5 {[%clk 0:18:40]} 18. Nb4 {[%clk 0:19:48]}
f4 {[%clk 0:16:20]} 19. gxf4 {[%clk 0:18:18]} exf4 {[%clk 0:06:36]} 20. Qd4
{[%clk 0:15:57]} Rh6 {[%clk 0:06:26]} 21. Nd5 {[%clk 0:15:29]} c5 {[%clk
0:06:26]} 22. Nxe7 {[%clk 0:11:54]} cxd4 {[%clk 0:06:52]} 23. Nf5 {[%clk
0:11:40]} Rb6 {[%clk 0:05:38]} 24. b3 {[%clk 0:05:26]} dxc3 {[%clk 0:05:13]} 25.
Nxh4 {[%clk 0:03:19]} Rd8 {[%clk 0:05:04]} 26. Ng2 {[%clk 0:02:58]} c2 {[%clk
0:03:26]} 27. Bd5 {[%clk 0:01:55]} Be6 {[%clk 0:01:57]} 28. Rac1 {[%clk 0:01:39]}
Bxd5 {[%clk 0:01:51]} 29. exd5 {[%clk 0:02:03]} Rxd5 {[%clk 0:02:20]} 30. Rxc2
{[%clk 0:02:08]} f3 {[%clk 0:00:52]} 31. Ne3 {[%clk 0:01:40]} Rg5 {[%clk
0:01:16]} 32. Rcf2 {[%clk 0:00:34]} Nxf2+ {[%clk 0:01:12]} 33. Rxf2 {[%clk
0:01:02]} Rf6 {[%clk 0:01:09]} 34. h3 {[%clk 0:01:17]} Ke7 {[%clk 0:01:03]} 35.
Kh2 {[%clk 0:01:39]} Re5 {[%clk 0:01:06]} 36. Ng4 {[%clk 0:01:22]} Re2 {[%clk
0:01:33]} 37. Kg3 {[%clk 0:01:44]} Rxf2 {[%clk 0:01:58]} 38. Kxf2 {[%clk
0:01:59]} Ra6 {[%clk 0:02:07]} 39. Kxf3 {[%clk 0:01:05]} Rxa2 {[%clk 0:02:33]}
40. Ne3 {[%clk 0:01:23]} Rb2 {[%clk 0:02:24]} 41. b4 {[%clk 0:01:43]} Rb3 {[%clk
0:02:26]} 42. Ke2 {[%clk 0:01:46]} Rxe3+ {[%clk 0:01:55]} 43. Kxe3 {[%clk
0:02:12]} Kf6 {[%clk 0:02:16]} 44. Kf4 {[%clk 0:01:45]} a6 {[%clk 0:02:40]} 45.
Ke4 {[%clk 0:01:10]} Kg5 {[%clk 0:02:52]} 46. Kd5 {[%clk 0:01:20]} Kh4 {[%clk
0:02:49]} 47. Kc5 {[%clk 0:00:48]} f5 {[%clk 0:03:09]} 48. Kb6 {[%clk 0:00:58]}
f4 {[%clk 0:03:33]} 49. Kxb7 {[%clk 0:01:29]} f3 {[%clk 0:03:33]} 50. Kxa6 {[%clk
0:01:29]} f2 {[%clk 0:03:33]} 51. b5 {[%clk 0:01:29]} f1Q {[%clk 0:03:33]} 52.
Kb6 {[%clk 0:01:29]} Kxh3 {[%clk 0:03:33]} 53. Kc6 {[%clk 0:01:29]} Qc4+ {[%clk
0:03:33]} 0-1

[Event "Campeonato España Sub 14"]
[Site "Salobreña"]
[Date "2017.07.21"]
[Round "7"]
[White "Povill Claros, Laura"]
[Black "Prado Lobo, Jonas"]
[Result "0-1"]
[Board "7"]
[WhiteClock "1:30"]
[WhiteElo "1831"]
[WhiteCountry "ESP"]
[WhiteFideId "32065957"]
[WhiteEloChange "-4"]
[BlackClock "1:30"]
[BlackElo "2054"]
[BlackCountry "ESP"]
[BlackFideId "32050666"]
[BlackEloChange "4"]

1. e4 {[%clk 1:30:00]} e6 {[%clk 1:30:00]} 2. d4 {[%clk 1:31:00]} d5 {[%clk
1:31:00]} 3. Nc3 {[%clk 1:31:00]} Nf6 {[%clk 1:31:00]} 4. Bg5 {[%clk 1:31:00]}
Be7 {[%clk 1:32:00]} 5. e5 {[%clk 1:32:00]} Nfd7 {[%clk 1:32:00]} 6. Bxe7 {[%clk
1:32:00]} Qxe7 {[%clk 1:33:00]} 7. f4 {[%clk 1:32:00]} O-O {[%clk 1:33:00]} 8.
Nf3 {[%clk 1:32:00]} c5 {[%clk 1:33:00]} 9. dxc5 {[%clk 1:30:00]} Qxc5 {[%clk
1:28:00]} 10. Qd2 {[%clk 1:28:00]} Nc6 {[%clk 1:29:00]} 11. Bd3 {[%clk 1:28:00]}
Rb8 {[%clk 1:18:00]} 12. a3 {[%clk 1:17:00]} Nb6 {[%clk 1:15:00]} 13. b4 {[%clk
1:11:00]} Qe7 {[%clk 1:15:00]} 14. Bxh7+ {[%clk 1:11:00]} Kxh7 {[%clk 1:11:00]}
15. Ng5+ {[%clk 1:11:00]} Kg8 {[%clk 1:10:00]} 16. Qd3 {[%clk 1:11:00]} g6 {[%clk
1:09:00]} 17. Qh3 {[%clk 1:11:00]} f6 {[%clk 1:10:00]} 18. exf6 {[%clk 1:09:00]}
Rxf6 {[%clk 1:10:00]} 19. O-O {[%clk 1:05:00]} Bd7 {[%clk 1:00:00]} 20. Rae1
{[%clk 1:02:00]} Rbf8 {[%clk 0:58:00]} 21. Qg3 {[%clk 0:50:00]} e5 {[%clk
0:53:00]} 22. Ne2 {[%clk 0:36:00]} Nc4 {[%clk 0:35:00]} 23. Nc3 {[%clk 0:27:00]}
Be6 {[%clk 0:24:00]} 24. f5 {[%clk 0:19:43]} Rxf5 {[%clk 0:22:00]} 25. Rxf5
{[%clk 0:19:45]} Rxf5 {[%clk 0:23:00]} 26. Nxe6 {[%clk 0:19:42]} Qxe6 {[%clk
0:23:00]} 27. Nxd5 {[%clk 0:19:39]} Nd4 {[%clk 0:23:00]} 28. c3 {[%clk 0:13:05]}
Qxd5 {[%clk 0:17:40]} 29. Qxg6+ {[%clk 0:13:11]} Kf8 {[%clk 0:18:04]} 30. cxd4
{[%clk 0:12:51]} Qxd4+ {[%clk 0:17:41]} 31. Kh1 {[%clk 0:13:02]} Qf2 {[%clk
0:15:38]} 32. Qh6+ {[%clk 0:12:50]} Ke7 {[%clk 0:14:12]} 33. Rg1 {[%clk 0:11:31]}
Qf4 {[%clk 0:09:32]} 34. Qg7+ {[%clk 0:10:20]} Rf7 {[%clk 0:09:53]} 35. Qg6
{[%clk 0:10:24]} Nd6 {[%clk 0:09:26]} 36. Qb1 {[%clk 0:06:26]} Ne4 {[%clk
0:08:29]} 37. Re1 {[%clk 0:03:09]} Rh7 {[%clk 0:07:39]} 38. h3 {[%clk 0:02:25]}
Rxh3+ {[%clk 0:07:39]} 0-1

[Event "Campeonato España Sub 14"]
[Site "Salobreña"]
[Date "2017.07.21"]
[Round "7"]
[White "Arjol Lopez, Daniel"]
[Black "Blesa Fernandez, Ignacio"]
[Result "1/2-1/2"]
[Board "8"]
[WhiteClock "1:30"]
[WhiteElo "1990"]
[WhiteCountry "ESP"]
[WhiteFideId "32099398"]
[WhiteEloChange "-5"]
[BlackClock "1:30"]
[BlackElo "1814"]
[BlackCountry "ESP"]
[BlackFideId "32061943"]
[BlackEloChange "5"]

1. Nf3 {[%clk 1:30:00]} c5 {[%clk 1:30:00]} 2. g3 {[%clk 1:30:00]} d5 {[%clk
1:29:00]} 3. Bg2 {[%clk 1:31:00]} Nc6 {[%clk 1:28:00]} 4. O-O {[%clk 1:31:00]}
Nf6 {[%clk 1:28:00]} 5. d3 {[%clk 1:31:00]} Bg4 {[%clk 1:25:00]} 6. c4 {[%clk
1:31:00]} e6 {[%clk 1:23:00]} 7. cxd5 {[%clk 1:31:00]} exd5 {[%clk 1:23:00]} 8.
Nc3 {[%clk 1:31:00]} Be7 {[%clk 1:21:00]} 9. Qb3 {[%clk 1:27:00]} Qd7 {[%clk
1:20:00]} 10. Bf4 {[%clk 1:27:00]} O-O {[%clk 1:11:00]} 11. Ne5 {[%clk 1:22:00]}
Nxe5 {[%clk 1:09:00]} 12. Bxe5 {[%clk 1:21:00]} d4 {[%clk 1:02:00]} 13. Nd5
{[%clk 1:19:00]} Nxd5 {[%clk 0:57:00]} 14. Bxd5 {[%clk 1:14:00]} Bxe2 {[%clk
0:48:00]} 15. Rfe1 {[%clk 1:14:00]} Bxd3 {[%clk 0:37:00]} 16. Qxb7 {[%clk
1:07:00]} Qxb7 {[%clk 0:25:00]} 17. Bxb7 {[%clk 1:07:00]} Rad8 {[%clk 0:26:00]}
18. Bxd4 {[%clk 1:06:00]} cxd4 {[%clk 0:24:00]} 19. Rxe7 {[%clk 1:06:00]} Bc2
{[%clk 0:24:00]} 20. Bf3 {[%clk 1:02:00]} Rfe8 {[%clk 0:23:00]} 21. Rxe8+ {[%clk
1:01:00]} Rxe8 {[%clk 0:24:00]} 22. Rc1 {[%clk 1:01:00]} d3 {[%clk 0:22:00]} 23.
b3 {[%clk 0:58:00]} Re6 {[%clk 0:19:36]} 24. Kf1 {[%clk 0:57:00]} Ra6 {[%clk
0:14:55]} 25. a4 {[%clk 0:57:00]} Kf8 {[%clk 0:14:17]} 26. Bd1 {[%clk 0:57:00]}
Rc6 {[%clk 0:14:09]} 27. Ke1 {[%clk 0:56:00]} Rc3 {[%clk 0:13:45]} 28. Bxc2
{[%clk 0:53:00]} dxc2 {[%clk 0:14:07]} 29. Kd2 {[%clk 0:53:00]} Rxb3 {[%clk
0:14:23]} 30. Rxc2 {[%clk 0:53:00]} Rb7 {[%clk 0:14:15]} 31. a5 {[%clk 0:53:00]}
Ke7 {[%clk 0:14:04]} 32. a6 {[%clk 0:53:00]} Rd7+ {[%clk 0:14:29]} 33. Ke3 {[%clk
0:54:00]} Ke6 {[%clk 0:14:28]} 34. f4 {[%clk 0:53:00]} Rd6 {[%clk 0:14:39]} 35.
Ra2 {[%clk 0:53:00]} h5 {[%clk 0:14:09]} 36. Ra5 {[%clk 0:53:00]} g6 {[%clk
0:14:19]} 37. h3 {[%clk 0:50:00]} f5 {[%clk 0:13:55]} 38. Kf3 {[%clk 0:48:00]}
Rd3+ {[%clk 0:13:55]} 39. Kf2 {[%clk 0:48:00]} Rd2+ {[%clk 0:13:20]} 40. Ke3
{[%clk 0:48:00]} Rd5 {[%clk 0:13:15]} 41. Ra4 {[%clk 0:45:00]} Rd6 {[%clk
0:13:15]} 1/2-1/2

[Event "Campeonato España Sub 14"]
[Site "Salobreña"]
[Date "2017.07.21"]
[Round "7"]
[White "Ros Alonso, Joana"]
[Black "Moya Nunez, Salvador"]
[Result "1/2-1/2"]
[Board "9"]
[WhiteClock "1:30"]
[WhiteElo "1966"]
[WhiteCountry "ESP"]
[WhiteFideId "32013426"]
[WhiteEloChange "-5"]
[BlackClock "1:30"]
[BlackElo "1792"]
[BlackCountry "ESP"]
[BlackFideId "24519790"]
[BlackEloChange "5"]

1. e4 {[%clk 1:30:00]} c5 {[%clk 1:30:00]} 2. Nf3 {[%clk 1:31:00]} e6 {[%clk
1:31:00]} 3. g3 {[%clk 1:31:00]} Nc6 {[%clk 1:29:00]} 4. Bg2 {[%clk 1:31:00]} d6
{[%clk 1:27:00]} 5. O-O {[%clk 1:30:00]} Nf6 {[%clk 1:27:00]} 6. Re1 {[%clk
1:29:00]} Qc7 {[%clk 1:26:00]} 7. c3 {[%clk 1:27:00]} Be7 {[%clk 1:20:00]} 8. d4
{[%clk 1:26:00]} cxd4 {[%clk 1:20:00]} 9. cxd4 {[%clk 1:26:00]} O-O {[%clk
1:16:00]} 10. Nc3 {[%clk 1:18:00]} Nd7 {[%clk 1:00:00]} 11. d5 {[%clk 1:01:00]}
Nce5 {[%clk 0:58:00]} 12. Nxe5 {[%clk 0:39:00]} Nxe5 {[%clk 0:55:00]} 13. f4
{[%clk 0:36:00]} Nc4 {[%clk 0:52:00]} 14. b3 {[%clk 0:26:00]} Nb6 {[%clk
0:50:00]} 15. Bb2 {[%clk 0:25:00]} Nd7 {[%clk 0:32:00]} 16. Rc1 {[%clk 0:22:00]}
Qb6+ {[%clk 0:32:00]} 17. Kh1 {[%clk 0:22:00]} Nc5 {[%clk 0:32:00]} 18. Qd4
{[%clk 0:07:15]} e5 {[%clk 0:18:10]} 19. fxe5 {[%clk 0:05:08]} dxe5 {[%clk
0:18:22]} 20. Qe3 {[%clk 0:04:21]} Bd6 {[%clk 0:16:06]} 21. Nb1 {[%clk 0:04:12]}
Nd7 {[%clk 0:07:43]} 22. Nd2 {[%clk 0:03:44]} Qxe3 {[%clk 0:08:02]} 23. Rxe3
{[%clk 0:04:08]} Nb6 {[%clk 0:08:12]} 24. Nc4 {[%clk 0:02:20]} Nxc4 {[%clk
0:08:37]} 25. bxc4 {[%clk 0:02:16]} Bc5 {[%clk 0:08:06]} 26. Rec3 {[%clk
0:02:08]} Bd7 {[%clk 0:07:45]} 27. Rb3 {[%clk 0:01:47]} b6 {[%clk 0:05:34]} 28.
Bxe5 {[%clk 0:02:00]} f6 {[%clk 0:06:02]} 29. Bb2 {[%clk 0:01:56]} Bd6 {[%clk
0:05:53]} 30. Bd4 {[%clk 0:01:26]} Rac8 {[%clk 0:05:19]} 31. Rbc3 {[%clk
0:01:01]} Bc5 {[%clk 0:04:15]} 32. Bxc5 {[%clk 0:01:05]} Rxc5 {[%clk 0:04:30]}
33. h4 {[%clk 0:00:57]} Rfc8 {[%clk 0:04:43]} 34. Bf1 {[%clk 0:00:50]} b5 {[%clk
0:04:00]} 35. Kg2 {[%clk 0:00:54]} bxc4 {[%clk 0:03:53]} 36. Rxc4 {[%clk
0:01:15]} Rxc4 {[%clk 0:03:02]} 37. Rxc4 {[%clk 0:01:40]} Rxc4 {[%clk 0:03:24]}
38. Bxc4 {[%clk 0:02:07]} Kf8 {[%clk 0:03:47]} 39. Kf3 {[%clk 0:02:22]} Ke7
{[%clk 0:04:05]} 40. Ke3 {[%clk 0:02:41]} Kd6 {[%clk 0:04:18]} 41. Kd4 {[%clk
0:02:55]} Ba4 {[%clk 0:04:12]} 42. g4 {[%clk 0:01:55]} Bd1 {[%clk 0:03:51]} 43.
g5 {[%clk 0:02:15]} Ba4 {[%clk 0:04:13]} 44. gxf6 {[%clk 0:02:04]} gxf6 {[%clk
0:04:39]} 45. Be2 {[%clk 0:02:04]} Bd7 {[%clk 0:04:50]} 46. Bd1 {[%clk 0:01:40]}
Bb5 {[%clk 0:02:33]} 47. Bg4 {[%clk 0:01:59]} Ba6 {[%clk 0:02:55]} 48. Bf5 {[%clk
0:02:15]} h6 {[%clk 0:03:15]} 49. Ke3 {[%clk 0:01:13]} Ke5 {[%clk 0:03:04]} 50.
Kf3 {[%clk 0:01:16]} Bb5 {[%clk 0:03:08]} 51. Bg6 {[%clk 0:01:16]} Bc4 {[%clk
0:03:02]} 52. a3 {[%clk 0:01:10]} Bd3 {[%clk 0:03:05]} 53. Ke3 {[%clk 0:01:05]}
Bc4 {[%clk 0:03:09]} 54. Kd2 {[%clk 0:00:54]} Bb5 {[%clk 0:02:29]} 55. Kc3 {[%clk
0:01:11]} a5 {[%clk 0:02:54]} 56. Kb3 {[%clk 0:01:22]} Kd6 {[%clk 0:03:04]} 57.
a4 {[%clk 0:00:41]} Ba6 {[%clk 0:02:56]} 58. Kc3 {[%clk 0:00:45]} Ke5 {[%clk
0:03:17]} 59. Bf5 {[%clk 0:00:43]} Be2 {[%clk 0:03:03]} 60. Bg6 {[%clk 0:00:40]}
Ba6 {[%clk 0:03:10]} 61. Kd2 {[%clk 0:00:43]} Bf1 {[%clk 0:01:15]} 62. Ke3 {[%clk
0:00:58]} Bc4 {[%clk 0:00:51]} 63. Be8 {[%clk 0:00:52]} f5 {[%clk 0:00:45]} 64.
exf5 {[%clk 0:00:51]} Bxd5 {[%clk 0:01:02]} 65. Bg6 {[%clk 0:00:41]} Be4 {[%clk
0:01:02]} 66. Kf2 {[%clk 0:00:38]} 1/2-1/2

[Event "Campeonato España Sub 14"]
[Site "Salobreña"]
[Date "2017.07.21"]
[Round "7"]
[White "Barragan Arriaza, Pablo"]
[Black "Bustos Bernardo, Diego"]
[Result "1/2-1/2"]
[Board "10"]
[WhiteClock "1:30"]
[WhiteElo "1916"]
[WhiteCountry "ESP"]
[WhiteFideId "32057130"]
[WhiteEloChange "-7"]
[BlackClock "1:30"]
[BlackElo "1589"]
[BlackCountry "ESP"]
[BlackFideId "24523372"]
[BlackEloChange "7"]

1. c4 {[%clk 1:30:00]} e6 {[%clk 1:30:00]} 2. Nf3 {[%clk 1:31:00]} d5 {[%clk
1:30:00]} 3. b3 {[%clk 1:31:00]} Nf6 {[%clk 1:30:00]} 4. g3 {[%clk 1:32:00]} c5
{[%clk 1:29:00]} 5. Bg2 {[%clk 1:26:00]} d4 {[%clk 1:22:00]} 6. O-O {[%clk
1:25:00]} Nc6 {[%clk 1:21:00]} 7. Re1 {[%clk 1:24:00]} Be7 {[%clk 1:18:00]} 8. e3
{[%clk 1:15:00]} O-O {[%clk 1:15:00]} 9. exd4 {[%clk 1:02:00]} Nxd4 {[%clk
1:14:00]} 10. Bb2 {[%clk 1:00:00]} Nxf3+ {[%clk 1:11:00]} 11. Qxf3 {[%clk
0:57:00]} Rb8 {[%clk 1:09:00]} 12. Be5 {[%clk 0:50:00]} Bd6 {[%clk 1:05:00]} 13.
d4 {[%clk 0:46:00]} cxd4 {[%clk 0:59:00]} 14. Bxd4 {[%clk 0:45:00]} b6 {[%clk
0:51:00]} 15. Qc3 {[%clk 0:41:00]} Bb4 {[%clk 0:48:00]} 16. Qxb4 {[%clk 0:38:00]}
Qxd4 {[%clk 0:48:00]} 17. Qc3 {[%clk 0:38:00]} Rd8 {[%clk 0:48:00]} 18. Qxd4
{[%clk 0:38:00]} Rxd4 {[%clk 0:48:00]} 19. Nc3 {[%clk 0:39:00]} Rd3 {[%clk
0:45:00]} 20. Rad1 {[%clk 0:39:00]} Rxd1 {[%clk 0:43:00]} 21. Rxd1 {[%clk
0:39:00]} Kf8 {[%clk 0:41:00]} 22. Nb5 {[%clk 0:32:00]} a6 {[%clk 0:38:00]} 23.
Nc7 {[%clk 0:25:00]} Ke7 {[%clk 0:35:00]} 24. Bc6 {[%clk 0:24:00]} a5 {[%clk
0:28:00]} 25. Nb5 {[%clk 0:23:00]} Ba6 {[%clk 0:24:00]} 26. Nc7 {[%clk 0:20:00]}
Bb7 {[%clk 0:23:00]} 27. Bxb7 {[%clk 0:20:00]} Rxb7 {[%clk 0:24:00]} 28. Nb5
{[%clk 0:20:00]} Rd7 {[%clk 0:23:00]} 29. Rxd7+ {[%clk 0:13:47]} Kxd7 {[%clk
0:23:00]} 30. f3 {[%clk 0:13:56]} Kc6 {[%clk 0:23:00]} 31. Kf2 {[%clk 0:14:04]}
Kc5 {[%clk 0:23:00]} 32. Ke3 {[%clk 0:14:06]} a4 {[%clk 0:18:38]} 33. Kd3 {[%clk
0:09:43]} axb3 {[%clk 0:17:46]} 34. axb3 {[%clk 0:10:04]} Kb4 {[%clk 0:17:48]}
35. Kc2 {[%clk 0:09:48]} Nd7 {[%clk 0:17:44]} 36. Nd4 {[%clk 0:08:23]} e5 {[%clk
0:16:51]} 37. Nc6+ {[%clk 0:08:17]} Kc5 {[%clk 0:17:04]} 38. Ne7 {[%clk 0:07:25]}
g6 {[%clk 0:16:21]} 39. Nd5 {[%clk 0:05:02]} Kd4 {[%clk 0:15:42]} 40. Kd2 {[%clk
0:04:15]} b5 {[%clk 0:15:20]} 41. Ne3 {[%clk 0:03:47]} bxc4 {[%clk 0:14:46]} 42.
bxc4 {[%clk 0:03:09]} Nb6 {[%clk 0:14:49]} 43. c5 {[%clk 0:02:49]} Kxc5 {[%clk
0:15:09]} 44. Kd3 {[%clk 0:02:50]} Nd5 {[%clk 0:13:59]} 45. Ng4 {[%clk 0:02:14]}
Kd6 {[%clk 0:13:19]} 46. Nh6 {[%clk 0:01:46]} Ke6 {[%clk 0:11:42]} 47. Ng4 {[%clk
0:01:55]} f5 {[%clk 0:11:01]} 48. Nf2 {[%clk 0:02:24]} g5 {[%clk 0:10:30]} 49. g4
{[%clk 0:02:06]} Nf4+ {[%clk 0:09:58]} 50. Ke3 {[%clk 0:01:50]} h5 {[%clk
0:09:29]} 51. h3 {[%clk 0:01:49]} h4 {[%clk 0:07:04]} 52. Kd2 {[%clk 0:01:36]}
fxg4 {[%clk 0:06:58]} 53. fxg4 {[%clk 0:01:59]} Kd5 {[%clk 0:06:08]} 54. Ke3
{[%clk 0:01:46]} Ng2+ {[%clk 0:03:50]} 55. Kf3 {[%clk 0:02:02]} Ne1+ {[%clk
0:03:00]} 56. Ke2 {[%clk 0:02:15]} Kd4 {[%clk 0:01:53]} 57. Kxe1 {[%clk 0:01:52]}
Ke3 {[%clk 0:02:13]} 58. Kf1 {[%clk 0:01:01]} e4 {[%clk 0:02:01]} 59. Nxe4 {[%clk
0:01:13]} Kxe4 {[%clk 0:02:22]} 60. Ke2 {[%clk 0:01:39]} Kd4 {[%clk 0:02:00]} 61.
Kd2 {[%clk 0:02:03]} Kd5 {[%clk 0:02:00]} 1/2-1/2

[Event "Campeonato España Sub 14"]
[Site "Salobreña"]
[Date "2017.07.21"]
[Round "7"]
[White "Bermudez Revuelta, Paula"]
[Black "Escartin Lacasa, Jose"]
[Result "1/2-1/2"]
[Board "11"]
[WhiteClock "n/a"]
[WhiteElo "1752"]
[WhiteCountry "ESP"]
[WhiteFideId "32073623"]
[WhiteEloChange "4"]
[BlackClock "n/a"]
[BlackElo "1906"]
[BlackCountry "ESP"]
[BlackFideId "32080042"]
[BlackEloChange "-4"]

1. e4 {[%clk 1:30:30]} c5 {[%clk 1:30:30]} 2. Nf3 {[%clk 1:30:30]} e6 {[%clk
1:30:30]} 3. d4 {[%clk 1:30:30]} cxd4 {[%clk 1:30:30]} 4. Nxd4 {[%clk 1:30:30]}
Nf6 {[%clk 1:30:30]} 5. Nc3 {[%clk 1:30:30]} Nc6 {[%clk 1:30:30]} 6. Ndb5 {[%clk
1:30:30]} d6 {[%clk 1:30:30]} 7. Bf4 {[%clk 1:30:30]} e5 {[%clk 1:30:30]} 8. Bg5
{[%clk 1:30:30]} a6 {[%clk 1:30:30]} 9. Na3 {[%clk 1:30:30]} Be6 {[%clk 1:30:30]}
10. Nc4 {[%clk 1:30:30]} b5 {[%clk 1:30:30]} 11. Bxf6 {[%clk 1:30:30]} gxf6
{[%clk 1:30:30]} 12. Ne3 {[%clk 1:30:30]} Bh6 {[%clk 1:30:30]} 13. Ncd5 {[%clk
1:30:30]} Bxe3 {[%clk 1:30:30]} 14. Nxe3 {[%clk 1:30:30]} Ne7 {[%clk 1:30:30]}
15. Bd3 {[%clk 1:30:30]} Qa5+ {[%clk 1:30:30]} 16. Qd2 {[%clk 1:30:30]} Qxd2+
{[%clk 1:30:30]} 17. Kxd2 {[%clk 1:30:30]} d5 {[%clk 1:30:30]} 18. exd5 {[%clk
1:30:30]} Nxd5 {[%clk 1:30:30]} 19. Be4 {[%clk 1:30:30]} Rd8 {[%clk 1:30:30]} 20.
Nxd5 {[%clk 1:30:30]} Bxd5 {[%clk 1:30:30]} 21. Bxd5 {[%clk 1:30:30]} Rxd5+
{[%clk 1:30:30]} 22. Ke3 {[%clk 1:30:30]} Ke7 {[%clk 1:30:30]} 23. Rad1 {[%clk
1:30:30]} Rhd8 {[%clk 1:30:30]} 24. Ke2 {[%clk 1:30:30]} Rxd1 {[%clk 1:30:30]}
25. Rxd1 {[%clk 1:30:30]} Rc8 {[%clk 1:30:30]} 26. Rd2 {[%clk 1:30:30]} Ke6
{[%clk 1:30:30]} 27. Ke3 {[%clk 1:30:30]} Rc4 {[%clk 1:30:30]} 28. c3 {[%clk
1:30:30]} Rc8 {[%clk 1:30:30]} 29. a3 {[%clk 1:30:30]} f5 {[%clk 1:30:30]} 30. f4
{[%clk 1:30:30]} f6 {[%clk 1:30:30]} 31. g3 {[%clk 1:30:30]} 1/2-1/2

[Event "Campeonato España Sub 14"]
[Site "Salobreña"]
[Date "2017.07.21"]
[Round "7"]
[White "Gomez Carreno, Martin"]
[Black "Pedchenko, Alex"]
[Result "1-0"]
[Board "12"]
[WhiteClock "1:30"]
[WhiteElo "2089"]
[WhiteCountry "ESP"]
[WhiteFideId "32066171"]
[WhiteEloChange "2"]
[BlackClock "1:30"]
[BlackElo "1746"]
[BlackCountry "ESP"]
[BlackFideId "24522732"]
[BlackEloChange "-2"]

1. d4 {[%clk 1:30:00]} g6 {[%clk 1:30:00]} 2. e4 {[%clk 1:31:00]} Bg7 {[%clk
1:31:00]} 3. Nc3 {[%clk 1:31:00]} d6 {[%clk 1:31:00]} 4. f4 {[%clk 1:32:00]} Nf6
{[%clk 1:31:00]} 5. e5 {[%clk 1:31:00]} dxe5 {[%clk 1:32:00]} 6. dxe5 {[%clk
1:30:00]} Qxd1+ {[%clk 1:32:00]} 7. Kxd1 {[%clk 1:31:00]} Ng4 {[%clk 1:32:00]} 8.
Ke1 {[%clk 1:31:00]} c6 {[%clk 1:30:00]} 9. h3 {[%clk 1:29:00]} Nh6 {[%clk
1:30:00]} 10. g4 {[%clk 1:27:00]} f6 {[%clk 1:27:00]} 11. exf6 {[%clk 1:21:00]}
exf6 {[%clk 1:27:00]} 12. Bc4 {[%clk 1:21:00]} f5 {[%clk 1:27:00]} 13. g5 {[%clk
1:19:00]} Nf7 {[%clk 1:27:00]} 14. Nge2 {[%clk 1:18:00]} Nd6 {[%clk 1:27:00]} 15.
Bb3 {[%clk 1:18:00]} Kd7 {[%clk 1:24:00]} 16. Be3 {[%clk 1:17:00]} b6 {[%clk
1:22:00]} 17. Bd4 {[%clk 1:09:00]} Bxd4 {[%clk 1:19:00]} 18. Nxd4 {[%clk
1:10:00]} Na6 {[%clk 1:18:00]} 19. Nxc6 {[%clk 1:09:00]} Bb7 {[%clk 1:02:00]} 20.
Ne5+ {[%clk 1:09:00]} Kc7 {[%clk 1:02:00]} 21. Rh2 {[%clk 1:08:00]} Rhe8 {[%clk
1:00:00]} 22. Rd2 {[%clk 1:04:00]} Rad8 {[%clk 0:52:00]} 23. Rad1 {[%clk
1:03:00]} Bf3 {[%clk 0:39:00]} 24. Rxd6 {[%clk 1:02:00]} Bxd1 {[%clk 0:38:00]}
25. Rxd1 {[%clk 1:03:00]} Rxd1+ {[%clk 0:38:00]} 26. Kxd1 {[%clk 1:03:00]} Nc5
{[%clk 0:33:00]} 27. Nb5+ {[%clk 0:59:00]} Kd8 {[%clk 0:30:00]} 28. Bf7 {[%clk
0:59:00]} Rf8 {[%clk 0:30:00]} 29. Nxa7 {[%clk 0:58:00]} Ke7 {[%clk 0:30:00]} 30.
Bxg6 {[%clk 0:57:00]} Rf7 {[%clk 0:30:00]} 1-0